00545nam a22001337a 4500040000800000082002700008100002000035245019300055260002600248300002700274856008700301942000800388999001500396 cRUA aAVM HOR 2010 B064 Or.1 aHOR, SOURLOING. aStudy on skin diseases and parasites of crocodiles (crocodylus siamensiss), ការសិក្សាលើជំងឺស្បែក និបរាសិតរបស់ក្រពើ aPhnom PenhbRUAc2010 avii; 52p.bill.c29cm. uhttps://drive.google.com/file/d/1UoCEmyz3_Z4ZzaRBao4A6G8zq2WeO5vn/view?usp=sharing cAVM c2362d2362